000 01621nab a22003017a 4500
999 _c5275
_d5275
003 OSt
005 20250211134112.0
008 190429b xxu||||| |||| 00| 0 spa d
040 _cPJ
100 _aMoyano, Lucas
_96330
245 1 0 _aCiberexplotación sexual infantil. El uso de la inteligencia artificial para la creación de material de abuso sexual infantil :
_banálisis jurídico. Problemática actual. Propuestas de reforma en el derecho argentino /
_cLucas Moyano, María José Motta.
260 _cCiudad Autónoma de Buenos Aires :
_aThomson Reuters La Ley,
_b2025.
300 _ap. 141-169
500 _aCita: AR/DOC/72/2025.
505 _aSumario: I. Introducción.— II. Como amplifica la IA la problemática.— III. ¿Cómo encaja el material generado por IA en el marco legal actual?— IV. La responsabilidad penal y civil derivada del uso de IA en la creación de material abusivo.— V. Reflexiones finales.— VI. Bibliografía.
505 _tSi te interesa el texto completo, solicitalo a koha@justierradelfuego.gov.ar
650 0 _9343
_aDERECHO PENAL
650 0 _92903
_aABUSO SEXUAL
650 0 _92902
_aDELITOS CONTRA LA INTEGRIDAD SEXUAL
650 0 _95817
_aINTELIGENCIA ARTIFICIAL
650 0 _91467
_aRESPONSABILIDAD CIVIL
650 0 _91468
_aRESPONSABILIDAD PENAL
650 0 _93047
_aVÍCTIMA DEL DELITO
650 0 _91056
_aMENORES
700 _96331
_aMotta, María José
_ecoautor
773 0 _02658
_93164
_tRevista de derecho penal y criminología. Nº 1 - Febrero 2025
_dCiudad Autónoma de Buenos Aires : Thomson Reuters La Ley, 2017-
_x00347914
942 _2udc
_cANA